A Guide to research in economics / (Record no. 42923)
[ view plain ]
| 000 -LEADER | |
|---|---|
| fixed length control field | 00709nam a2200217 a 4500 |
| 001 - CONTROL NUMBER | |
| control field | 42923 |
| 003 - CONTROL NUMBER IDENTIFIER | |
| rucl marc code | BD-RjUL |
| 005 - DATE AND TIME OF LATEST TRANSACTION | |
| control field | 20211209053622.0 |
| 008 - FIXED-LENGTH DATA ELEMENTS--GENERAL INFORMATION | |
| fixed length control field | 160618s1973 ii a b 001 0 eng |
| 035 ## - SYSTEM CONTROL NUMBER | |
| System control number | (BD-RjUL)43041 |
| 040 ## - CATALOGING SOURCE | |
| Original cataloging agency | DLC |
| Transcribing agency | DLC |
| Modifying agency | DLC |
| -- | BD-RjUL |
| Language of cataloging | eng |
| 041 ## - LANGUAGE CODE | |
| Language code of text/sound track or separate title | eng |
| 082 00 - DEWEY DECIMAL CLASSIFICATION NUMBER | |
| Classification number | 330.072054 |
| Edition number | 23 |
| Author mark and year | GUI 1973 |
| 245 02 - TITLE STATEMENT | |
| Title | A Guide to research in economics / |
| Statement of responsibility, etc. | Editor: C. T. Kurien. |
| 260 ## - PUBLICATION, DISTRIBUTION, ETC. (IMPRINT) | |
| Place of publication, distribution, etc. | Madras, |
| Name of publisher, distributor, etc. | Sangam Publishers for Madras Institute of Development Studies, |
| Date of publication, distribution, etc. | 1973, |
| 300 ## - PHYSICAL DESCRIPTION | |
| Pagination | xv, 476 p. : |
| Illustrations | ill ; |
| Size | 22 cm. |
| 650 #0 - SUBJECT ADDED ENTRY--TOPICAL TERM | |
| Topical term or geographic name as entry element | Economics |
| General subdivision | Research |
| Geographic subdivision | India. |
| 9 (RLIN) | 131817 |
| 700 1# - ADDED ENTRY--PERSONAL NAME | |
| Personal name | Kurien, C. T., |
| Relator term | ed. |
| 710 2# - ADDED ENTRY--CORPORATE NAME | |
| Corporate name or jurisdiction name as entry element | Madras Institute of Development Studies. |
| 9 (RLIN) | 131819 |
| 942 ## - ADDED ENTRY ELEMENTS (KOHA) | |
| Source of classification or shelving scheme | Dewey Decimal Classification |
| Koha item type | Books |
| Lost status | Source of classification or shelving scheme | Damaged status | Not for loan | Collection code | Permanent Location | Current Location | Shelving location | Date acquired | Source of acquisition | Cost, normal purchase price | Total Checkouts | Full call number | Date last seen | Copy number | Koha item type |
|---|---|---|---|---|---|---|---|---|---|---|---|---|---|---|---|
| Dewey Decimal Classification | Non-fiction | Central Library, University of Rajshahi | Central Library, University of Rajshahi | 07/06/1976 | K.P.Bangali Rco.Colwalt | 30.00 | 330.072054 GUI 1973 | 18/06/2016 | C-2 | Books |